[Event "DEM U10w 2023"]
[Site "Willingen GER"]
[Date "2023.05.29"]
[Round "3"]
[White "Lu, Sheng"]
[Black "Eßers, Mathilda Marie"]
[Result "1-0"]
[Termination "normal"]
[Board "18"]
[WhiteElo "1227"]
[BlackElo "755"]
[WhiteClock "00:58:41"]
[BlackClock "01:13:36"]
[PlyCount "93"]
[WhiteFideId "34628061"]
[BlackFideId "34684093"]
[EventCountry "GER"]
[EventRounds "11"]
[EventType "swiss"]
[EventDate "2023.05.27"]

1. e4 {[%clk 01:15:59]} {[%emt 00:00:01]} c5 {[%clk 01:15:59]} {[%emt
00:00:01]} 2. Nf3 {[%clk 01:15:58]} {[%emt 00:00:32]} e6 {[%clk 01:16:23]}
{[%emt 00:00:06]} 3. d4 {[%clk 01:16:16]} {[%emt 00:00:11]} cxd4 {[%clk
01:16:41]} {[%emt 00:00:12]} 4. Nxd4 {[%clk 01:16:38]} {[%emt 00:00:08]} Nc6
{[%clk 01:17:05]} {[%emt 00:00:06]} 5. Nc3 {[%clk 01:16:09]} {[%emt 00:00:59]}
a6 {[%clk 01:17:15]} {[%emt 00:00:20]} 6. a3 {[%clk 01:16:08]} {[%emt
00:00:31]} Qc7 {[%clk 01:17:30]} {[%emt 00:00:14]} 7. Be2 {[%clk 01:16:17]}
{[%emt 00:00:22]} Nf6 {[%clk 01:17:34]} {[%emt 00:00:25]} 8. Be3 {[%clk
01:16:27]} {[%emt 00:00:20]} Be7 {[%clk 01:17:45]} {[%emt 00:00:20]} 9. O-O
{[%clk 01:16:27]} {[%emt 00:00:30]} O-O {[%clk 01:17:50]} {[%emt 00:00:24]} 10.
f4 {[%clk 01:16:20]} {[%emt 00:00:37]} d6 {[%clk 01:18:11]} {[%emt 00:00:10]}
11. Rb1 {[%clk 01:15:55]} {[%emt 00:00:55]} Bd7 {[%clk 01:18:11]} {[%emt
00:00:29]} 12. Nf3 {[%clk 01:14:53]} {[%emt 00:01:31]} Rac8 {[%clk 01:18:07]}
{[%emt 00:00:34]} 13. Qe1 {[%clk 01:14:16]} {[%emt 00:01:07]} Rfd8 {[%clk
01:18:09]} {[%emt 00:00:27]} 14. Qg3 {[%clk 01:13:35]} {[%emt 00:01:12]} d5
{[%clk 01:16:41]} {[%emt 00:01:58]} 15. e5 {[%clk 01:12:16]} {[%emt 00:01:50]}
Nh5 {[%clk 01:15:49]} {[%emt 00:01:22]} 16. Qg4 {[%clk 01:11:40]} {[%emt
00:01:07]} g6 {[%clk 01:14:55]} {[%emt 00:01:24]} 17. Bd3 {[%clk 01:09:24]}
{[%emt 00:02:45]} f5 {[%clk 01:14:38]} {[%emt 00:00:47]} 18. Qh3 {[%clk
01:08:24]} {[%emt 00:01:30]} d4 {[%clk 01:13:28]} {[%emt 00:01:41]} 19. Nxd4
{[%clk 01:07:58]} {[%emt 00:00:54]} Bc5 {[%clk 01:13:41]} {[%emt 00:00:18]} 20.
Nxc6 {[%clk 01:07:07]} {[%emt 00:01:21]} Bxe3+ {[%clk 01:13:48]} {[%emt
00:00:22]} 21. Qxe3 {[%clk 01:07:27]} {[%emt 00:00:10]} Bxc6 {[%clk 01:13:53]}
{[%emt 00:00:16]} 22. Bc4 {[%clk 01:06:21]} {[%emt 00:01:46]} Bd7 {[%clk
01:13:52]} {[%emt 00:00:31]} 23. Bb3 {[%clk 01:05:48]} {[%emt 00:01:03]} b5
{[%clk 01:12:21]} {[%emt 00:02:01]} 24. Rbd1 {[%clk 01:04:47]} {[%emt
00:01:30]} b4 {[%clk 01:12:02]} {[%emt 00:00:49]} 25. axb4 {[%clk 01:03:30]}
{[%emt 00:01:48]} Bb5 {[%clk 01:12:21]} {[%emt 00:00:12]} 26. Nxb5 {[%clk
01:03:25]} {[%emt 00:00:35]} axb5 {[%clk 01:12:40]} {[%emt 00:00:09]} 27. Bxe6+
{[%clk 01:03:38]} {[%emt 00:00:18]} Kg7 {[%clk 01:11:29]} {[%emt 00:01:37]} 28.
Bxc8 {[%clk 01:03:46]} {[%emt 00:00:27]} Rxc8 {[%clk 01:11:41]} {[%emt
00:00:18]} 29. c3 {[%clk 01:03:29]} {[%emt 00:00:47]} Rb8 {[%clk 01:10:50]}
{[%emt 00:01:21]} 30. Qd4 {[%clk 01:02:14]} {[%emt 00:01:45]} Rb7 {[%clk
01:11:06]} {[%emt 00:00:14]} 31. e6+ {[%clk 01:01:31]} {[%emt 00:01:13]} Nf6
{[%clk 01:11:10]} {[%emt 00:00:26]} 32. Rfe1 {[%clk 01:00:31]} {[%emt
00:01:29]} Rb6 {[%clk 01:10:59]} {[%emt 00:00:42]} 33. e7 {[%clk 00:59:37]}
{[%emt 00:01:23]} Rb8 {[%clk 01:11:14]} {[%emt 00:00:15]} 34. e8=N+ {[%clk
00:58:12]} {[%emt 00:01:55]} Rxe8 {[%clk 01:11:29]} {[%emt 00:00:15]} 35. Rxe8
{[%clk 00:58:31]} {[%emt 00:00:12]} Kh6 {[%clk 01:11:50]} {[%emt 00:00:09]} 36.
Qxf6 {[%clk 00:57:48]} {[%emt 00:01:12]} Qxf4 {[%clk 01:12:00]} {[%emt
00:00:20]} 37. Qd4 {[%clk 00:57:32]} {[%emt 00:00:47]} Qg5 {[%clk 01:12:01]}
{[%emt 00:00:26]} 38. Qd2 {[%clk 00:57:25]} {[%emt 00:00:40]} Qxd2 {[%clk
01:12:16]} {[%emt 00:00:14]} 39. Rxd2 {[%clk 00:57:50]} {[%emt 00:00:05]} g5
{[%clk 01:12:34]} {[%emt 00:00:11]} 40. Rd6+ {[%clk 00:58:02]} {[%emt
00:00:20]} Kh5 {[%clk 01:12:44]} {[%emt 00:00:19]} 41. h3 {[%clk 00:57:58]}
{[%emt 00:00:36]} h6 {[%clk 01:13:04]} {[%emt 00:00:09]} 42. Rh8 {[%clk
00:58:16]} {[%emt 00:00:12]} Kh4 {[%clk 01:13:03]} {[%emt 00:00:28]} 43. Kf2
{[%clk 00:58:28]} {[%emt 00:00:21]} g4 {[%clk 01:13:07]} {[%emt 00:00:25]} 44.
Rhxh6+ {[%clk 00:58:37]} {[%emt 00:00:22]} Kg5 {[%clk 01:13:17]} {[%emt
00:00:18]} 45. h4+ {[%clk 00:58:28]} {[%emt 00:00:41]} Kf4 {[%clk 01:13:29]}
{[%emt 00:00:12]} 46. g3+ {[%clk 00:58:49]} {[%emt 00:00:15]} Ke4 {[%clk
01:13:36]} {[%emt 00:00:20]} 47. Rhe6# {[%clk 00:58:41]} {[%emt 00:00:10]} 1-0